00592 2200217 4500001002100000005001500021035002000036007000300056008004100059020001500100082000800115084001400123100002000137245005900157250001000216260003400226300003500260700005700295990001100352990001100363INLIS00000000000764720220309114711 a0010-0321001017ta220309 g 0 ind  a9795533967 a813 a813 AMI c0 aAmiruddin Maula1 aCerita Rakyat Dari Kalimantan Timur /cAmiruddin Maula aCet.7 aJakarta :bPT Grasindo,c2000 avii, 56 hlm :b. ;c14 x 21 cm0 aSyahbandi, Achad Maulana, Mohammad noor, Abdul Wahad a5851 a a5851 a